[Event "New Delhi op 20th"]
[Site "New Delhi"]
[Date "2023.03.23"]
[Round "1"]
[White "Aravindh, Chithambaram VR"]
[Black "Giridharan, M."]
[Result "1-0"]
[WhiteElo "2607"]
[BlackElo "1233"]
[PlyCount "51"]
[EventDate "2023.03.23"]
[EventType "swiss"]
[EventRounds "10"]
[EventCountry "IND"]
[SourceTitle "CBM 213 Extra"]
[Source "ChessBase"]
[SourceDate "2023.05.31"]
[SourceVersion "1"]
[SourceVersionDate "2023.05.31"]
[SourceQuality "1"]

1. e4 e5 2. Nf3 Nc6 3. Bb5 g6 4. c3 Bg7 5. d4 exd4 6. cxd4 a6 7. Ba4 Nge7 8. 0-0 b5 9. Bc2 d6 10. h3 0-0 11. Nc3 Na5 12. Re1 c5 13. Bg5 h6 14. Bh4 g5 15. Bg3 Nc4 16. b3 Na3 17. Bd3 g4 18. hxg4 Bxg4 19. e5 Nc6 20. Re4 h5 21. Rxg4 hxg4 22. Nh4 cxd4 23. Qxg4 Nxe5 24. Bxe5 dxe5 25. Nf5 Qf6 26. Nd5 1-0